000 00209 a2200097 4500
001 21113
100 _aTillett, J
245 _aPractical comprehension
260 _a
_bHutchinson
_c1962
090 _c15063
_d15063
942 _aNUST-CAE
_cM
_c5629
999 _c256186
_d256186